00650nam a22001577a 450000500170000001000150001702000270003203500130005903700130007210000190008524501880010426000460029227001020033830000250044050000270046520130711125330.0 aENG-107949 c1495.00a9789350353059 aEN-91482 bDBAD/PUB aAggarwal, S.N.00aSupreme Court on consumer protection act :cby S.N. AggarwalbAn exhaustive topical referencer of up-to-date Supreme Court judgments on consumer protection act arranged section wise / aDelhibUniversal Law Publishing Co.c2013 aC-FF-1A, Dilkhus Industrial Estate, (Near Azadpur Metro Station) G.T. Karnal Road,bDelhie110033 acxx,1078p.c28cm(Hb) aIncludes subject index